书目信息 |
| 题名: |
张猛龍碑集唐詩
|
|
| 作者: | 邱安宗 编 | |
| 分册: | ||
| 出版信息: | 上海 上海书店出版社 2003.01 |
|
| 页数: | 90页 | |
| 开本: | 26cm | |
| 丛书名: | 诗选系列 | |
| 单 册: | ||
| 中图分类: | J292.23 | |
| 科图分类: | ||
| 主题词: | 书法--中国 , 篆刻--中国 | |
| 电子资源: | ||
| ISBN: | 7-80678-023-8 | |
| 000 | 00631nam0 2200229 450 | |
| 001 | 0431746880 | |
| 005 | 20040311084906.88 | |
| 010 | @a7-80678-023-8@dCNY12.00 | |
| 100 | @a20040311d2003 km y0chiy0120 ea | |
| 101 | 0 | @achi |
| 102 | @aCN@b310000 | |
| 200 | 1 | @a张猛龍碑集唐詩@Azhang meng mang bei ji tang shi@f邱安宗编@Fqiu an zong bian |
| 210 | @a上海@c上海书店出版社@d2003.01 | |
| 215 | @a90页@d26cm | |
| 225 | 2 | @a诗选系列 |
| 410 | 0 | @12001 @a诗选系列 |
| 606 | 0 | @a书法@x中国 |
| 606 | 0 | @a篆刻@x中国 |
| 690 | @aJ292.23@v4 | |
| 701 | 0 | @a邱安宗@Aqiu an zong@4编 |
| 801 | 0 | @aCN@bPFT@c20040311 |
| 905 | @aBZT@dJ292.23@e1@f1 | |
| 张猛龍碑集唐詩/邱安宗编.-上海:上海书店出版社,2003.01 |
| 90页;26cm.-(诗选系列) |
| ISBN 7-80678-023-8:CNY12.00 |
| ● |
| 相关链接 |
|
|
|
正题名:张猛龍碑集唐詩
索取号:J292.23/1
 
预约/预借
| 序号 | 登录号 | 条形码 | 馆藏地/架位号 | 状态 | 备注 |